[Event "Krynica op"]
[Site "Krynica"]
[Date "1994.??.??"]
[Round "?"]
[White "Adamski, Jan"]
[Black "Mietus, Klaudiusz"]
[Result "1-0"]
[WhiteElo "2415"]
[BlackElo "2165"]

1.Nf3 d5 2.c4 e6 3.g3 Nf6 4.Bg2 Be7 5.d4 c5 6.cxd5 exd5 7.Nc3 Nc6 8.O-O O-O
9.dxc5 Bxc5 10.Bg5 d4 11.Ne4 Be7 12.Bxf6 Bxf6 13.Rc1 Re8 14.Ne1 Bg4 15.Nd3 Rc8
16.Qd2 Bf5 17.Ndc5 b6 18.Nb7 Qd7 19.Ned6 Be5 20.Nxf5 Qxb7 21.f4 Bb8 22.Rxc6 Rxc6
23.Qxd4 f6 24.Qd5+  1-0

[Event "Las Palmas-B"]
[Site "Las Palmas"]
[Date "1994.??.??"]
[Round "3"]
[White "Villavicencio, Adalberto"]
[Black "Castellano, Jose"]
[Result "1/2-1/2"]
[WhiteElo "2360"]
[BlackElo "2215"]

1.d4 d5 2.Nf3 Nf6 3.c4 e6 4.g3 Be7 5.Bg2 O-O 6.O-O c6 7.Qc2 Nbd7 8.Nbd2 b6
9.e4 Bb7 10.e5 Ne8 11.b3 Rc8 12.Bb2 c5 13.dxc5 Nxc5 14.Rfd1 Qc7 15.Rac1 Qb8
16.cxd5 Na6 17.Qb1 Bxd5 18.h4 h6 19.Rxc8 Qxc8 20.Qc1 Qb7  1/2-1/2

[Event "Las Palmas m"]
[Site "Las Palmas"]
[Date "1994.??.??"]
[Round "5"]
[White "Karpov, Anatoly"]
[Black "Morovic Fernandez, Ivan"]
[Result "1-0"]
[WhiteElo "2740"]
[BlackElo "2605"]

1.c4 Nf6 2.d4 e6 3.Nf3 d5 4.g3 Be7 5.Bg2 O-O 6.O-O dxc4 7.Qc2 a6 8.a4 Bd7
9.Qxc4 Bc6 10.Nc3 a5 11.Re1 Ne4 12.Qd3 Nxc3 13.bxc3 Nd7 14.c4 Nb6 15.c5 Nd7
16.Qc2 e5 17.dxe5 Bxf3 18.exf3 Nxc5 19.Rd1 Qe8 20.Be3 b6 21.f4 Rd8 22.f5 f6
23.e6 Bd6 24.Qc4 Kh8 25.Bf3 Qe7 26.Rac1 Qe8 27.Rd4 g6 28.fxg6 Qxg6 29.Rh4 Be7
30.Rh6 Qg7 31.Rh5 Qg6 32.Qg4 Rg8 33.Qh4 Rg7 34.Bh6 Rgg8 35.Be3 Rg7 36.Qh3 Rgg8
37.Bg4  1-0

[Event "LAT-ch"]
[Site "?"]
[Date "1994.??.??"]
[Round "8"]
[White "Krivonosov, Oleg"]
[Black "Zhuravliov, Valerij"]
[Result "1/2-1/2"]
[WhiteElo "2400"]
[BlackElo "2455"]

1.Nf3 d5 2.d4 e6 3.c4 Nf6 4.g3 Be7 5.Bg2 O-O 6.O-O dxc4 7.Qc2 a6 8.Qxc4 b5
9.Qc2 Bb7 10.Bd2 Be4 11.Qc1 Bb7 12.Qc2 Be4 13.Qc1 Bb7 14.Qc2 Be4  1/2-1/2

[Event "Linares op"]
[Site "Linares"]
[Date "1994.??.??"]
[Round "4"]
[White "Cuevas Rodriguez, Ma Luisa"]
[Black "Korneev, Oleg"]
[Result "0-1"]
[WhiteElo "2245"]
[BlackElo "2500"]

1.d4 d5 2.c4 e6 3.Nf3 Nf6 4.g3 Be7 5.Bg2 O-O 6.O-O dxc4 7.Qc2 a6 8.Qxc4 b5
9.Qc2 Bb7 10.Bd2 Be4 11.Qc1 Nbd7 12.Ba5 Ra7 13.Nbd2 Bd5 14.Qc2 Qa8 15.Nb3 Be4
16.Qc1 Rc8 17.Nc5 Nxc5 18.dxc5 Qd5 19.b4 c6 20.Rd1 Qh5 21.Qf4 Bc2 22.Rd2 Nd5
23.Qe5 Bf5 24.Qb2 Be4 25.Rad1 f5 26.Qe5 Qf7 27.Nd4 Bxg2 28.Kxg2 Bg5 29.Rd3 Re7
30.Qd6 Qe8 31.Re1 Bf6 32.e4 fxe4 33.Rxe4 Bxd4 34.Rdxd4 Nf6 35.Re1 e5 36.Rdd1 Rd7
37.Rxe5 Qf7  0-1

[Event "Linares NL"]
[Site "Linares"]
[Date "1994.??.??"]
[Round "8"]
[White "Vera, Reynaldo"]
[Black "Garcia, Gildardo"]
[Result "1-0"]
[WhiteElo "2485"]
[BlackElo "2540"]

1.d4 d5 2.c4 e6 3.Nf3 Nf6 4.g3 Be7 5.Bg2 O-O 6.O-O Nbd7 7.Qc2 c6 8.Nbd2 b6
9.b3 Bb7 10.Bb2 c5 11.cxd5 Nxd5 12.Rac1 Rc8 13.Qb1 Ba6 14.Rfe1 cxd4 15.Nxd4 Bb4
16.Rxc8 Qxc8 17.Rc1 Qa8 18.Nc4 Bb7 19.Nb5 Bc6 20.Ncd6 Bc5 21.Nd4 Bxd4 22.Bxd4 Ne7
23.Bxc6 Nxc6 24.Ba1 Rd8 25.Qe4 Nc5 26.Qg4 e5 27.Nf5 Ne6 28.e3 g6 29.Rxc6 h5
30.Ne7+ Kh7 31.Qf3 Ng5 32.Qf6 Rd1+ 33.Kg2 Rxa1 34.Qxg5 Qb7 35.Qf6  1-0

[Event "Lisbon-ch"]
[Site "Lisbon"]
[Date "1994.??.??"]
[Round "9"]
[White "Pereira, Alvaro"]
[Black "Oliveira, Antonio"]
[Result "1/2-1/2"]
[WhiteElo "2280"]
[BlackElo "2280"]

1.Nf3 d5 2.d4 Nf6 3.c4 e6 4.g3 Be7 5.Bg2 O-O 6.O-O c6 7.Qc2 Nbd7 8.b3 b6
9.Nbd2 Bb7 10.Bb2 Rc8 11.Rfd1 Qc7 12.Rac1 Qb8 13.e4 Rfd8 14.e5 Ne8 15.Qb1 Qa8
16.cxd5 cxd5 17.Bf1 Rxc1 18.Rxc1 Rc8 19.Bb5 Rxc1+ 20.Qxc1 Qc8 21.Nb1 Qxc1+
22.Bxc1 Bc8 23.Ba3 Bd8 24.Nc3 Nc7 25.Bd3 a5 26.Kf1 Nb8 27.Ke2 Bd7 28.Bd6 Nc6
29.a3 Ne8 30.Nb5 Nxd6 31.Nxd6 Be7  1/2-1/2

[Event "EU-ch U20 Girls"]
[Site "Litomysl"]
[Date "1994.??.??"]
[Round "1"]
[White "Holoubkova, Martina"]
[Black "Paraminski, Albina"]
[Result "1/2-1/2"]
[WhiteElo "2210"]
[BlackElo "2060"]

1.d4 d5 2.c4 e6 3.Nf3 Nf6 4.g3 Be7 5.Bg2 O-O 6.O-O Nbd7 7.Qc2 c6 8.b3 b5
9.cxb5 cxb5 10.Bf4 Ba6 11.Rc1 Qb6 12.Qb2 Rfc8 13.Nbd2 b4 14.Bf1 h6 15.Rxc8+ Rxc8
16.Rc1 Rc6 17.h3 Qb7 18.Ne5 Nxe5 19.dxe5 Nd7 20.Nf3 Qc7 21.g4 g5 22.Bd2 Rxc1
23.Qxc1 Qb8 24.h4 Nxe5 25.hxg5 Nxf3+ 26.exf3 Bxf1 27.Kxf1 hxg5 28.Bxg5 Bxg5
29.Qxg5+ Kf8 30.Qh6+ Ke7 31.Qg5+  1/2-1/2

[Event "Ljubljana op"]
[Site "Ljubljana"]
[Date "1994.??.??"]
[Round "?"]
[White "Sirnik, Bostjan"]
[Black "Kragelj, Igor"]
[Result "1-0"]
[WhiteElo "2030"]
[BlackElo "2250"]

1.d4 Nf6 2.c4 e6 3.g3 d5 4.Nf3 Be7 5.Bg2 O-O 6.O-O Nbd7 7.Nc3 dxc4 8.e4 c6
9.a4 e5 10.dxe5 Ng4 11.Bf4 Qa5 12.Qd4 Rd8 13.Qxc4 Ndxe5 14.Qe2 Be6 15.Nxe5 Nxe5
16.Bxe5 Qxe5 17.Qc2 Bb4 18.Rfd1 a5 19.Rxd8+ Rxd8 20.Rd1 Rd4 21.Bf1 f6 22.Rxd4 Qxd4
23.h4 Bc5 24.Bd3 g6 25.Kg2 Kg7 26.Nd1 Qb4 27.Nc3 Bd4 28.Qc1 Bf7 29.Qd2 Bxc3
30.bxc3 Qxa4 31.h5 Qa3 32.h6+ Kg8 33.Qf4 Qf8 34.Qxf6 Qxh6 35.Qd8+ Qf8 36.Qxa5 Qd6
37.Be2 Kg7 38.Bf3 c5 39.Qb5 b6 40.Qa6 Qf6 41.Qd3 Qe5 42.Bd1 Qe6 43.Qe3 Be8
44.Qf4 Qf6 45.Qc7+ Kh6 46.Bf3 Qe6 47.e5 Bb5 48.Kg1 Qc4 49.Bg2 Qe6 50.Kh2 Bd3
51.Qd6 Qf5 52.e6 Bc4 53.e7 Bf7 54.Qd8 Qe6 55.f4 Kg7 56.g4 h6 57.Qf8+ Kf6
58.e8=Q Qxe8 59.Qxh6  1-0

[Event "Ljubljana op"]
[Site "Ljubljana"]
[Date "1994.??.??"]
[Round "?"]
[White "Tratar, Marko"]
[Black "Ipavec, Petra"]
[Result "1-0"]
[WhiteElo "2380"]
[BlackElo "2015"]

1.d4 d5 2.c4 e6 3.Nf3 Nf6 4.g3 Be7 5.Bg2 O-O 6.O-O c5 7.cxd5 Nxd5 8.Nc3 Nxc3
9.bxc3 Nc6 10.Bb2 Qc7 11.e3 b6 12.Qe2 Bb7 13.Rac1 Rfd8 14.Rfd1 Rac8 15.e4 Na5
16.Ne5 f6 17.Nf3 Qc6 18.Bh3 Rc7 19.d5 exd5 20.exd5 Qa4 21.d6 Bxf3 22.Be6+ Kf8
23.dxe7+ Kxe7 24.Qxf3  1-0

[Event "Lloyds Bank op"]
[Site "London"]
[Date "1994.??.??"]
[Round "1"]
[White "Summerscale, Aaron"]
[Black "Franklin, Michael J"]
[Result "1-0"]
[WhiteElo "2440"]
[BlackElo "2250"]

1.d4 Nf6 2.c4 e6 3.g3 d5 4.Bg2 Be7 5.Nf3 O-O 6.O-O Nbd7 7.Qc2 c6 8.Nbd2 b6
9.e4 Bb7 10.e5 Ne8 11.cxd5 cxd5 12.Re1 Nc7 13.Nf1 Na6 14.a3 b5 15.h4 Re8
16.Bg5 Nab8 17.Ne3 Nc6 18.Bh3 Nf8 19.Ng4 a5 20.b3 b4 21.a4 Rc8 22.Qd2 h5
23.Ne3 Nh7 24.Bxe7 Rxe7 25.g4 hxg4 26.Nxg4 Rec7 27.Bf1 Ne7 28.Bd3 Nf5 29.Qf4 Rc3
30.Bxf5 exf5 31.Qxf5 R8c7 32.Ng5 Nxg5 33.hxg5 Bc8 34.Qf4 Be6 35.Kg2 Qc8 36.Ne3 Rxb3
37.Rh1 Rcc3 38.Qh4 Kf8 39.Qh8+ Ke7 40.Qxg7 Kd7 41.Rh8 Qa6 42.Qf6 Rc8 43.g6 Rxh8
44.Qxh8 fxg6 45.Rh1 Qc8 46.Rh7+ Kc6 47.Qf6  1-0

[Event "Lloyds Bank op"]
[Site "London"]
[Date "1994.??.??"]
[Round "6"]
[White "Summerscale, Aaron"]
[Black "Allen, Andrew"]
[Result "1-0"]
[WhiteElo "2440"]
[BlackElo "2275"]

1.d4 Nf6 2.c4 e6 3.g3 d5 4.Bg2 Be7 5.Nf3 O-O 6.O-O c6 7.Qc2 Nbd7 8.Nbd2 Qc7
9.b3 b6 10.Bb2 Bb7 11.Ne5 Rac8 12.e4 dxe4 13.Nxe4 Nxe5 14.dxe5 Nxe4 15.Bxe4 g6
16.h4 c5 17.h5 Bxe4 18.Qxe4 Rfd8 19.Rad1 Rd7 20.Bc1 Rcd8 21.Rxd7 Qxd7 22.Be3 Qd3
23.Qb7 Qd7 24.Qf3 Qc8 25.Kg2 Kg7 26.Rh1 Qa8 27.Qxa8 Rxa8 28.Kf3 Rd8 29.Ke4 Rd7
30.g4 Bd8 31.f4 Bc7 32.f5 Bd8 33.hxg6 hxg6 34.f6+ Kg8 35.Bh6  1-0

[Event "Lloyds Bank op"]
[Site "London"]
[Date "1994.??.??"]
[Round "7"]
[White "Chernin, Alexander"]
[Black "McDonald, Neil R"]
[Result "1/2-1/2"]
[WhiteElo "2615"]
[BlackElo "2420"]

1.g3 Nf6 2.Bg2 d5 3.Nf3 e6 4.c4 Be7 5.d4 O-O 6.O-O dxc4 7.Qc2 a6 8.a4 Nc6
9.Qxc4 a5 10.Nc3 Nb4 11.Rd1 c6 12.e4 h6 13.h3 Qb6 14.Bf4 Rd8 15.Rac1 Bd7
16.Be3 Rac8 17.Ne5 Be8 18.Qb3 Qc7 19.Nc4 b5 20.Ne5 bxa4 21.Nxa4 Rb8 22.Qc4 Nd7
23.Nf3 Bd6 24.Nc5 Qa7 25.Qe2 Nxc5 26.dxc5 Be7 27.Bf4 Rxd1+ 28.Rxd1 Rd8 29.Bd6 Na6
30.e5 Nxc5 31.Qe3 Qb6 32.Nd2 Bxd6 33.Nc4 Qb4 34.Nxd6 Nb7 35.Qd2 Qxd2 36.Rxd2 Kf8
37.Nc4 Rxd2 38.Nxd2 Ke7 39.Nc4 Kd7 40.f4 Ke7 41.Kf2 a4 42.Ke3 Bd7 43.g4 f6  1/2-1/2

[Event "Lloyds Bank op"]
[Site "London"]
[Date "1994.??.??"]
[Round "10"]
[White "Murugan, Krishnamoorthy"]
[Black "Hunt, Harriet"]
[Result "1-0"]
[WhiteElo "2440"]
[BlackElo "2225"]

1.d4 Nf6 2.c4 e6 3.Nf3 d5 4.g3 Be7 5.Bg2 O-O 6.O-O dxc4 7.Qc2 a6 8.Qxc4 b5
9.Qc2 Bb7 10.Bd2 Nbd7 11.Ba5 Rc8 12.Nbd2 Qe8 13.b4 Bd6 14.Rac1 Nd5 15.a3 e5
16.dxe5 Nxe5 17.Nxe5 Qxe5 18.Ne4 Rfe8 19.Rfd1 Nb6 20.Nf6+ Qxf6 21.Bxb7 Rb8
22.Bxb6 Rxb7 23.Qc6 Reb8 24.Be3 Be5 25.Qe4 Bb2 26.Rc6 Qe5 27.Qxe5 Bxe5 28.Rxa6 Rc8
29.Rd7 Rbb8 30.Bf4 Bxf4 31.gxf4 c5 32.bxc5 Rxc5 33.Rb6 Rcc8 34.Rc7 Re8 35.Rbb7 Rf8
36.Rxf7  1-0

[Event "EUCup Gr3"]
[Site "Lubniewice"]
[Date "1994.??.??"]
[Round "1"]
[White "Lipka, Juraj"]
[Black "Olde, Hendrik"]
[Result "1/2-1/2"]
[WhiteElo "2375"]
[BlackElo "2285"]

1.d4 Nf6 2.c4 e6 3.g3 Be7 4.Bg2 d5 5.Nf3 O-O 6.O-O b6 7.Nc3 Bb7 8.Ne5 c6
9.b3 Nbd7 10.Bb2 Rc8 11.e4 dxe4 12.Nxe4 Qc7 13.Nxd7 Qxd7 14.Qc2 h6 15.Rad1 Rfd8
16.Rfe1 Qc7 17.Bc1 Rd7 18.Bf4 Qd8 19.Be5 Nxe4 20.Qxe4 Bd6 21.c5 bxc5 22.dxc5 Bxc5
23.Rxd7 Qxd7 24.Bxg7 Bxf2+ 25.Kxf2 Kxg7 26.Qg4+ Kf8 27.Qf4 h5 28.Bf3 c5 29.Rd1 Qc7
30.Qh6+ Ke8 31.Qh8+ Ke7 32.Qxh5 Bxf3 33.Qxf3 c4 34.Qe3 cxb3 35.Qg5+ Kf8 36.Qh6+ Ke7
37.Qg5+ Kf8 38.Qh6+  1/2-1/2

[Event "EUCup Gr3"]
[Site "Lubniewice"]
[Date "1994.??.??"]
[Round "3"]
[White "Tibensky, Robert"]
[Black "Paldanius, Pekka"]
[Result "1-0"]
[WhiteElo "2440"]
[BlackElo "2290"]

1.d4 d5 2.c4 e6 3.Nf3 Nf6 4.g3 Be7 5.Bg2 O-O 6.O-O c6 7.Qc2 Nbd7 8.Bf4 Ne4
9.Nc3 Nxc3 10.Qxc3 Nf6 11.Ne5 Ne4 12.Qc2 f6 13.Nd3 Nd6 14.c5 Nf5 15.Qc3 Nxd4
16.Qxd4 e5 17.Nxe5 fxe5 18.Bxe5 Bf6 19.Bxf6 Qxf6 20.Qxf6 Rxf6 21.Rfd1 Bf5
22.Rd4 Re8 23.e3 Rfe6 24.Rc1 Be4 25.Rc3 Bxg2 26.Kxg2 Re4 27.Rcd3 R8e7 28.Kf1 Kf7
29.Ke2 R4e5 30.Ra3 a6 31.h4 Ke8 32.Rb3 Kd8 33.f4 R5e6 34.Kf3 Kc7 35.h5 Re4
36.Rdb4 Kc8 37.a3 a5 38.Rxe4 Rxe4 39.Rd3 Rc4 40.Rc3 Re4 41.Kg4 a4 42.Kg5 Kd7
43.Kg4 Ke6 44.Kf3 Kf6 45.Rd3 Rc4 46.Rd4 Rxc5 47.Rxa4 Rc2 48.Rb4 b5 49.Rb3 Ke7
50.Rc3 Rxb2 51.Rxc6 Rb3 52.Kf2 d4 53.exd4 Rxa3 54.h6 gxh6 55.Rxh6 b4 56.Rxh7+ Ke6
57.Rb7 b3 58.Rb5 Kd6 59.Kf3 Kc6 60.Rb4 Kd5 61.f5  1-0

[Event "Madrid-B"]
[Site "Madrid"]
[Date "1994.??.??"]
[Round "2"]
[White "Elguezabal Varela, Daniel"]
[Black "Rojo Huerta, Gabriel"]
[Result "0-1"]
[WhiteElo "2370"]
[BlackElo "2370"]

1.d4 Nf6 2.Nf3 e6 3.g3 d5 4.c4 Be7 5.Bg2 O-O 6.O-O c6 7.Qc2 b6 8.Nbd2 Bb7
9.e4 Na6 10.b3 c5 11.exd5 exd5 12.cxd5 Bxd5 13.Bb2 Nb4 14.Qb1 cxd4 15.Nxd4 Bxg2
16.Kxg2 Qd5+ 17.N2f3 Ne4 18.Kg1 Bf6 19.a3 Bxd4 20.Bxd4 Nc6 21.Bb2 Nc5 22.b4 Qxf3
23.bxc5 bxc5 24.Qd1 Qxd1 25.Rfxd1 Rfd8 26.Rdc1 Rd5 27.Rc4 Rb8 28.Bc3 Nd8
29.Ra4 Rb7 30.Rc1 Ne6 31.Kg2 Rd3 32.Kf1 Rb3 33.Rxa7 Rdxc3 34.Ra8+ Nf8 35.Re1 Rxa3
36.Rc8 g6 37.Ree8 Ra2 38.Rxf8+ Kg7 39.Rg8+ Kh6 40.Ra8 Rxa8 41.Rxa8 Rc2 42.Kg2 Kg5
43.h4+ Kf5 44.Re8 Rd2 45.Kf3 h5 46.Rc8 Rd5 47.Rc6 Re5 48.Rd6 f6 49.Kg2 g5
50.f3 g4 51.Kf2 gxf3 52.Kxf3 Kg6 53.Rd7 Re1 54.Rd5 Rc1 55.Ke3 Rc3+ 56.Kf4 c4
57.Rc5 Rc1 58.Kf3 c3 59.Kg2 f5 60.Rc6+ Kf7 61.Kf3 Ke7 62.Kf4 c2  0-1

[Event "Madrid-B"]
[Site "Madrid"]
[Date "1994.??.??"]
[Round "2"]
[White "Cuevas Rodriguez, Ma Luisa"]
[Black "Barez, Hector"]
[Result "1/2-1/2"]
[WhiteElo "2245"]
[BlackElo "2340"]

1.d4 d5 2.c4 e6 3.Nf3 Nf6 4.g3 Be7 5.Bg2 O-O 6.O-O dxc4 7.Qc2 a6 8.a4 c5
9.Qxc4 b5 10.Qc2 Bb7 11.dxc5 Be4 12.Qc3 Nbd7 13.b4 bxa4 14.Bb2 a5 15.b5 Bxc5
16.Rxa4 Bb4 17.Qd4 Rb8 18.Nc3 Ba8 19.Rd1 Qc7 20.Raa1 Nc5 21.Qe5 Qa7 22.Nd4 Ncd7
23.Qe3 Bc5 24.Na4 Bxg2 25.Kxg2 e5 26.Nxc5 Qxc5 27.Nf5 Qxe3 28.Nxe3 Rxb5 29.Ba3 Ra8
30.Nf5 g6 31.Nd6 Rd5 32.Rdc1 Rd2 33.Kf1 Nd5 34.Nc4 Rd4 35.Bb2 Re4 36.Rxa5 Rxa5
37.Nxa5 N5b6 38.Nc6 Rc4 39.Rxc4 Nxc4 40.Bc3 f6  1/2-1/2

[Event "Makarska"]
[Site "Makarska"]
[Date "1994.??.??"]
[Round "?"]
[White "Horvath, Csaba"]
[Black "Colovic, Dusan"]
[Result "1/2-1/2"]
[WhiteElo "2540"]
[BlackElo "2275"]

1.d4 Nf6 2.c4 e6 3.Nf3 d5 4.g3 Be7 5.Bg2 O-O 6.O-O a5 7.Nc3 Ne4 8.cxd5 exd5
9.Nxe4 dxe4 10.Ne5 Qd5 11.Be3 Nc6 12.Nxc6 bxc6 13.Qc2 Bf5 14.Rfc1 Ra6 15.Bf4 Bd6
16.Bxd6 cxd6 17.e3 Rb6 18.b3 h5 19.Qd2 Bg4 20.Rc4 Bf3 21.Bf1 h4 22.Rac1 g6
23.Ra4 Ra8 24.Bc4 Qg5 25.Bf1  1/2-1/2

[Event "CRO-chT"]
[Site "Makarska"]
[Date "1994.??.??"]
[Round "2"]
[White "Hulak, Krunoslav"]
[Black "Cvorovic, Drazen"]
[Result "1-0"]
[WhiteElo "2530"]
[BlackElo "2435"]

1.d4 Nf6 2.c4 e6 3.g3 d5 4.Bg2 Be7 5.Nf3 O-O 6.O-O a5 7.Nc3 Nc6 8.b3 Ne4
9.Na4 f5 10.Bb2 h5 11.Nd2 h4 12.f3 Nf6 13.e3 hxg3 14.hxg3 Qe8 15.Kf2 Qg6
16.Rh1 Nh5 17.Nf1 Bd6 18.f4 Nf6 19.Nc3 Bb4 20.Nb5 Rf7 21.a3 Bf8 22.Rc1 Rd7
23.Qe2 Ne7 24.Nc3 b6 25.Nh2 Ba6 26.Nf3 Ng4+ 27.Kg1 a4 28.Nh4 Qe8 29.Nxa4 Bxc4
30.bxc4 Rxa4 31.e4 dxe4 32.Bxe4 fxe4 33.Qxg4 Qf7 34.d5 Rd6 35.Be5 exd5 36.Bxd6 cxd6
37.f5 g5 38.fxg6 Qf6 39.Rf1 Qe5 40.g7 Bxg7 41.Ng6  1-0

[Event "CRO-chT"]
[Site "Makarska"]
[Date "1994.??.??"]
[Round "4"]
[White "Gazarek, Danko"]
[Black "Radocaj, Denis"]
[Result "1/2-1/2"]
[WhiteElo "2340"]
[BlackElo "2355"]

1.d4 Nf6 2.Nf3 e6 3.g3 d5 4.Bg2 Be7 5.c4 O-O 6.O-O dxc4 7.Qc2 a6 8.Qxc4 Bd7
9.a4 Bc6 10.Bg5 Bd5 11.Qd3 Be4 12.Qc4 Bd5 13.Qd3 Be4  1/2-1/2

[Event "CRO-chT"]
[Site "Makarska"]
[Date "1994.??.??"]
[Round "9"]
[White "Kozul, Zdenko"]
[Black "Begovac, Franja"]
[Result "1/2-1/2"]
[WhiteElo "2575"]
[BlackElo "2420"]

1.d4 d5 2.c4 e6 3.Nf3 Nf6 4.g3 Be7 5.Bg2 O-O 6.O-O dxc4 7.Qc2 a6 8.a4 Bd7
9.Ne5 Bc6 10.Nxc6 Nxc6 11.e3 Na5 12.Nd2 c5 13.dxc5 Rc8 14.b4 cxb3 15.Nxb3 Nxb3
16.Qxb3 Nd7 17.c6 bxc6 18.Rd1 Qb6 19.Qc2 Rfd8 20.a5 Qc5 21.Qb1 Bf6 22.Ra2 Ne5
23.Bb2 Qb5 24.Bxe5 Qxe5 25.Rc1 Rb8 26.Qe4 Qxe4 27.Bxe4 Rd6 28.Bf3 Bd8  1/2-1/2

[Event "Malmo"]
[Site "Malmo"]
[Date "1994.??.??"]
[Round "3"]
[White "Krasenkow, Michal"]
[Black "Hansen, Curt"]
[Result "0-1"]
[WhiteElo "2565"]
[BlackElo "2580"]

1.d4 Nf6 2.c4 e6 3.g3 d5 4.Bg2 Be7 5.Nf3 O-O 6.O-O Nbd7 7.Qc2 c6 8.Nbd2 b6
9.e4 Bb7 10.b3 Rc8 11.Bb2 c5 12.exd5 exd5 13.Nh4 cxd4 14.Bxd4 Bc5 15.Bc3 Re8
16.Nf5 g6 17.Nh6+ Kf8 18.Qb2 d4 19.Bxb7 dxc3 20.Qxc3 Rc7 21.Bg2 Ne5 22.Ne4 Nxe4
23.Bxe4 Bd4 24.Qb4+ Kg7 25.Rad1 Rd7 26.Nxf7 Kxf7 27.Qb5 Kg7 28.Kg2 Bc5 29.Bd5 a5
30.h3 Ree7 31.Qa4 Rd6 32.Rfe1 Nd7 33.a3 Rxe1 34.Rxe1 Qf6 35.Re2 Ne5 36.f4 Nc6
37.b4 axb4 38.axb4 Nxb4 39.Qa7+ Kh6 40.g4 Rxd5 41.cxd5 Qxf4 42.Qd7 Nc2  0-1

[Event "Malmo"]
[Site "Malmo"]
[Date "1994.??.??"]
[Round "7"]
[White "Krasenkow, Michal"]
[Black "Epishin, Vladimir"]
[Result "1/2-1/2"]
[WhiteElo "2565"]
[BlackElo "2675"]

1.d4 Nf6 2.c4 e6 3.g3 d5 4.Bg2 Be7 5.Nf3 O-O 6.O-O Nbd7 7.Qc2 c6 8.Nbd2 b6
9.e4 Bb7 10.b3 Rc8 11.Bb2 c5 12.exd5 exd5 13.Ne5 cxd4 14.Bxd4 Nxe5 15.Bxe5 Qd7
16.Rad1  1/2-1/2

[Event "Marijampole op"]
[Site "Marijampole"]
[Date "1994.??.??"]
[Round "8"]
[White "Splosnov, Sergei"]
[Black "Polak, Tomas"]
[Result "0-1"]
[WhiteElo "2280"]
[BlackElo "2415"]

1.d4 Nf6 2.Nf3 e6 3.g3 d5 4.c4 Be7 5.Bg2 O-O 6.O-O c6 7.Nbd2 Nbd7 8.Qc2 b6
9.b3 Bb7 10.e4 Rc8 11.Bb2 Qc7 12.Rac1 Qb8 13.Rfe1 Rfd8 14.Ne5 Nxe5 15.dxe5 Nd7
16.exd5 cxd5 17.Rcd1 dxc4 18.bxc4 Nc5 19.Ne4 Qa8 20.Rxd8+ Rxd8 21.Nxc5 Bxg2
22.Ne4 Bb4 23.Re3 Bxe4 24.Qxe4 Qxe4 25.Rxe4 Rd2 26.Bd4 Rxa2 27.Be3 Ra1+ 28.Kg2 Rd1
29.h4 h5 30.Kf3 Kf8 31.g4 g6 32.gxh5 gxh5 33.Rf4 Be7 34.c5 Bxc5 35.Bxc5+ bxc5
36.Ra4 Rd5 37.Rxa7 Rxe5 38.Rc7 Kg7 39.Kg3 Rd5  0-1

[Event "Mlada Boleslav op"]
[Site "Mlada Boleslav"]
[Date "1994.??.??"]
[Round "5"]
[White "Chloupek, Stanislav"]
[Black "Dobrovolsky, Ladislav"]
[Result "1/2-1/2"]
[WhiteElo "2310"]
[BlackElo "2400"]

1.d4 d5 2.Nf3 Nf6 3.c4 e6 4.g3 Be7 5.Bg2 O-O 6.O-O Nbd7 7.Qc2 c6 8.b3 b6
9.Bb2 Bb7 10.Nc3 Rc8 11.e4 Qc7 12.Rfe1 Rfd8 13.Rad1 Bb4 14.e5 Ne8 15.a3 Be7
16.Qb1 Qb8 17.cxd5 cxd5 18.Ne2 a5 19.Nf4 a4 20.b4 Ba6 21.Nd2 Nf8 22.h4 Rc7
23.Rc1 Rdc8 24.Rxc7 Rxc7 25.Rc1 g5 26.Rxc7 Qxc7 27.hxg5 Bxg5 28.Qd1 Bxf4
29.gxf4 Ng7 30.Qxa4 Be2 31.Qb3 Ng6 32.Qc3 Qd7 33.Qe3 Qb5 34.Bh3 Bd3 35.Nf1 Bf5
36.Bg2 h5 37.Bc1 Bd3 38.Bh3 Qc4 39.Bb2 b5 40.Qd2 Nh4 41.Nh2 Qb3 42.f3 Bc4
43.f5 Nxf3+ 44.Nxf3 Qxf3 45.f6 Qxh3 46.fxg7 Qg3+ 47.Qg2 Qe1+ 48.Kh2 h4 49.Qg5 Qf2+
50.Qg2 Qf4+ 51.Kg1 Bd3 52.Qf2 Qg4+ 53.Kh2 Be4 54.Bc3 Kxg7 55.Bd2 Bf3 56.Be3 Kf8
57.Bc1 Be4 58.Bh6+ Ke8 59.Bd2 h3 60.Be1 f5 61.exf6 Kf7 62.Qg3 Qe2+ 63.Bf2 Kxf6
64.Qe5+ Kf7 65.Qc7+ Kg6 66.Qg3+ Kf7  1/2-1/2

[Event "Veterans-Women"]
[Site "Monte Carlo"]
[Date "1994.??.??"]
[Round "7"]
[White "Ioseliani, Nana"]
[Black "Ivkov, Borislav"]
[Result "1/2-1/2"]
[WhiteElo "2435"]
[BlackElo "2485"]

1.d4 e6 2.c4 Nf6 3.Nf3 d5 4.g3 Be7 5.Bg2 O-O 6.O-O c6 7.Qc2 Nbd7 8.Nbd2 b6
9.e4 Bb7 10.Rd1 Rc8 11.b3 dxe4 12.Nxe4 Nxe4 13.Qxe4 Ba8 14.Bb2 c5 15.Qe2 Bxf3
16.Bxf3 cxd4 17.Bxd4 Bf6 18.Rac1 Qe7 19.Rc2 Rfd8 20.Bxf6 Nxf6 21.Rcd2 g6
22.Qe5 Rxd2 23.Rxd2 h5 24.h4 Rd8 25.Rxd8+ Qxd8 26.b4 Ng4 27.Bxg4 hxg4 28.c5 Qd1+
29.Kh2 Qd2 30.Kg2 Qxb4 31.c6 Qc4 32.Qd6  1/2-1/2

[Event "Moscow-ch"]
[Site "Moscow"]
[Date "1994.??.??"]
[Round "?"]
[White "Ulko, Jaroslav"]
[Black "Mitenkov, Alexey"]
[Result "0-1"]
[WhiteElo "2295"]
[BlackElo "2460"]

1.d4 Nf6 2.c4 e6 3.g3 d5 4.Bg2 Be7 5.Nf3 O-O 6.O-O c6 7.Ne5 Nbd7 8.Nc3 Nxe5
9.dxe5 Nd7 10.cxd5 cxd5 11.f4 Bc5+ 12.Kh1 b6 13.a3 a5 14.b3 Ba6 15.Bb2 Rc8
16.b4 Be7 17.b5 Bb7 18.Rc1 Rc4 19.e3 Qa8 20.Qe2 Rfc8 21.Na2 R8c5 22.f5 exf5
23.Rxf5 Nf8 24.Qf2 Qc8 25.Rxc4 Rxc4 26.Rxf7 Rc2 27.Qf1 d4 28.Rf2 Bxg2+ 29.Qxg2 d3
30.Rxc2 dxc2 31.Qd5+ Kh8 32.Qf7 Bc5 33.Qf2 Qg4 34.Qxc2 Qf3+ 35.Qg2 Qd1+ 36.Qg1 Qd5+
37.Qg2 Qxa2 38.e6 Qb1+  0-1

[Event "Moscow ol (Men)"]
[Site "Moscow"]
[Date "1994.??.??"]
[Round "3"]
[White "Quinn, Mark"]
[Black "Rahman, Ziaur"]
[Result "0-1"]
[WhiteElo "2305"]
[BlackElo "2445"]

1.c4 e6 2.g3 d5 3.Bg2 Nf6 4.d4 Be7 5.Nf3 O-O 6.O-O Nbd7 7.b3 b6 8.Bb2 Bb7
9.Nc3 c5 10.cxd5 Nxd5 11.Rc1 Rc8 12.Qd3 Nb4 13.Qb1 cxd4 14.Nxd4 Bxg2 15.Kxg2 Qc7
16.Kg1 Qb7 17.Rfd1 Bg5 18.e3 Bf6 19.Ne4 Rxc1 20.Rxc1 Ne5 21.Nxf6+ gxf6 22.Ba3 a5
23.Bxb4 axb4 24.Qc2 Ra8 25.Qd2 Qd5 26.Rc2 Qe4 27.Qe2 f5 28.f3 Qd5 29.Kf2 Ra5
30.Rc8+ Kg7 31.Qd2 Qb7 32.Rc2 h6 33.h3 Rd5 34.Qe2 Rc5 35.g4 fxg4 36.hxg4 Qe7
37.Ke1 Qh4+ 38.Kd2 Qh1 39.f4 Nd7 40.Qd1 Qg2+ 41.Kc1 Qe4 42.Qe2 Nf6 43.Kd2 Qh1
44.Rc4 Qb1 45.Nc2 Qxa2 46.Qd3 Nxg4 47.Qd4+ Nf6 48.Rxc5 bxc5 49.Qc4 Qa8 50.Ne1 Qd5+
51.Qxd5 exd5 52.Nd3 Ne4+ 53.Ke2 h5 54.Ne5 Kf6 55.Nc6 h4  0-1

[Event "Moscow ol (Men)"]
[Site "Moscow"]
[Date "1994.??.??"]
[Round "5"]
[White "Bogdanovski, Vlatko"]
[Black "Massana, Jorge"]
[Result "1-0"]
[WhiteElo "2465"]
[BlackElo "2240"]

1.d4 d5 2.c4 e6 3.Nf3 Nf6 4.g3 Be7 5.Bg2 O-O 6.O-O Nbd7 7.Qc2 c6 8.Rd1 Ne4
9.Nc3 f5 10.Bf4 g5 11.Be3 g4 12.Ne1 Bg5 13.Qc1 Bxe3 14.Qxe3 Qg5 15.Qxg5+ Nxg5
16.b3 Ne4 17.Rac1 Ndf6 18.Nd3 Bd7 19.f3 Nxc3 20.Rxc3 h5 21.Nc5 Rab8 22.b4 Kf7
23.Nd3 Ke7 24.Kf2 Rg8 25.Ne5 Rg7 26.a4 Rgg8 27.Rh1 dxc4 28.Rxc4 Nd5 29.a5 a6
30.f4 Nf6 31.h3 gxh3 32.Rxh3 Rg7 33.Bf3 Rh8 34.Rc1 Be8 35.Nd3 Kd6 36.Nc5 Bg6
37.Rc3 Re7 38.Re3 Rhh7 39.Re5 Rhg7 40.Rh1 Rh7 41.Kg2 Rhg7 42.Rc1 Rgf7 43.Kf2 Rh7
44.Nxa6 bxa6 45.Rxc6+ Kd7 46.Rxa6 Ng4+ 47.Bxg4 hxg4 48.b5 Rh1 49.d5 Rd1 50.dxe6+  1-0

[Event "Moscow ol (Men)"]
[Site "Moscow"]
[Date "1994.??.??"]
[Round "5"]
[White "Cacho Reigadas, Sergio"]
[Black "Danielsen, Henrik"]
[Result "0-1"]
[WhiteElo "2385"]
[BlackElo "2440"]

1.d4 Nf6 2.c4 e6 3.g3 d5 4.Nf3 Be7 5.Bg2 O-O 6.O-O Nbd7 7.Nc3 dxc4 8.e4 c6
9.a4 b6 10.Qe2 Ba6 11.Rd1 Rc8 12.Bf4 Bb4 13.Qc2 Re8 14.h3 h6 15.g4 c5 16.Nb5 cxd4
17.Rxd4 Bc5 18.Rxc4 e5 19.Bg3 Qe7 20.b3 Qe6 21.Rc1 Nh7 22.Qb2 Bxb5 23.axb5 Ng5
24.Nxg5 hxg5 25.Qd2 Qe7 26.Qa2 Ra8 27.Bf1 Nf8 28.Ra4 Bd4 29.Bc4 Rec8 30.Rc2 Rc7
31.Bd5 Rac8 32.Rc6 Rxc6 33.bxc6 b5 34.Ra5 Qc5 35.Qe2 Qc3 36.Bxe5 Bxe5 37.Qxb5 Rc7
38.Bc4 Qe1+ 39.Bf1 Bd4  0-1

[Event "Moscow ol (Men)"]
[Site "Moscow"]
[Date "1994.??.??"]
[Round "7"]
[White "Ulibin, Mikhail"]
[Black "Sulskis, Sarunas"]
[Result "1/2-1/2"]
[WhiteElo "2510"]
[BlackElo "2455"]

1.d4 Nf6 2.c4 e6 3.g3 d5 4.Bg2 Be7 5.Nf3 O-O 6.O-O dxc4 7.Nc3 Nc6 8.e3 Nd5
9.Qe2 Nb6 10.Rd1 Bd6 11.e4 Qe8 12.e5 Be7 13.Ne4 Nb4 14.Bg5 N4d5 15.h4 Bd7
16.Bxe7 Qxe7 17.h5 h6 18.Nh2 Ba4 19.Rdc1 Rad8 20.Ng4 Bc6 21.Qd2 Nd7 22.Rxc4 f5
23.exf6 N5xf6 24.Ngxf6+ Nxf6 25.Nxf6+ Qxf6 26.Bxc6 bxc6 27.Qe3 c5 28.Rxc5 Qxd4
29.Qxd4 Rxd4 30.Rc2 Rf5 31.Re1 Rxh5 32.Rxe6 c5 33.Rc6 Ra4 34.a3 Ra5 35.Rc7 Rg5
36.Kg2 Kh7 37.f4 Rd5 38.Re2 Ra6 39.Ree7 Rg6 40.Rxa7 Rd3 41.f5 Rdxg3+ 42.Kf2 Rg2+
43.Kf3 R6g3+ 44.Ke4 Rf2 45.Rf7 Rg4+ 46.Ke5 Rxb2 47.f6 Rg5+ 48.Ke4 Re2+ 49.Kf3 Re6
50.fxg7 Rgg6 51.Rfc7 Rgf6+ 52.Kg3 Rg6+ 53.Kf3 Rgf6+ 54.Kg3 Rg6+  1/2-1/2